| 000 | 01671cam a2200433 a 4500 | ||
|---|---|---|---|
| 001 | 13482482 | ||
| 003 | NUST | ||
| 005 | 20220509141403.0 | ||
| 008 | 040127s2003 ii a b 000 0 eng | ||
| 010 | _a 2003318167 | ||
| 020 | _a8129100576 | ||
| 025 | _aI-E-2003-318167; 25 | ||
| 035 | _a(DLC) 2003318167 | ||
| 037 |
_bLibrary of Congress -- New Delhi Overseas Office _cRs695.00 |
||
| 038 | _aArshad | ||
| 040 |
_aDLC _cDLC |
||
| 041 | 1 |
_aeng _aper _aurd _hurd |
|
| 042 | _alcode | ||
| 050 | 0 | 0 |
_aPK2198.G4 _bZ48 2003 |
| 082 |
_a891.4391 _bGHA |
||
| 100 | 1 |
_aGhalib, Mirza Asadullah Khan, _d1797-1869. _93145 |
|
| 240 | 1 | 0 |
_aCorrespondence. _kSelections. _lPolyglot |
| 245 | 1 | 0 |
_aMirza Ghalib and the Mirs of Gujarat / _cMir Jaffar Imam. |
| 260 |
_aNew Delhi : _bRupa & Co., _c2003. |
||
| 300 |
_axviii, 259 p. : _bill. ; _c23 cm. |
||
| 504 | _aIncludes bibliographical references (p. [251]-255). | ||
| 520 | _aSelected letters reflecting the relationship between Mirza Ghalib and the Mirs of Gujarat, their bacground, achievements, and strengths as individuals and as rulers. | ||
| 546 |
_aEnglish, Persian, and Urdu _b(Persian and Urdu in roman and Arabic). |
||
| 563 | _aHBK | ||
| 600 | 1 | 0 |
_aGhalib, Mirza Asadullah Khan, _d1797-1869. _vCorrespondence. _93146 |
| 650 | 0 |
_aPoets, Urdu _y19th century _vCorrespondence. _93581 |
|
| 650 | 0 |
_aPoets, Persian _y19th century _vCorrespondence. _93582 |
|
| 651 | 0 |
_aGujarat (India) _xKings and rulers. _93583 |
|
| 651 | 0 |
_aGujarat (India) _xHistory. _93584 |
|
| 700 | 1 |
_aImam, Mir Jaffar. _93585 |
|
| 906 |
_a7 _bcbc _corigode _d3 _encip _f20 _gy-gencatlg |
||
| 942 |
_2ddc _cBK |
||
| 999 |
_c589528 _d589528 |
||